01781nam a2200409 a 4500001001200000003000800012006001900020007001500039008004100054010001700095020003100112040002100143035002100164043001200185050002700197082001500224100003000239245008900269260005800358300001500416490003000431504006400461533015200525600006700677600006300744650005400807650003100861650006900892650007000961650007301031651003401104655002901138710001701167830004401184856012601228999001701354ebr10228262CaPaEBRm u cr cn|||||||||070914s2008 enk sb 001 0 eng  z 2007038166 z9780754657835 (alk. paper) aCaPaEBRcCaPaEBR a(OCoLC)254163146 ae-uk---14aPR5892.G63bG37 2008eb04a821/.72221 aGarrett, James M.,d1960-10aWordsworth and the writing of the nationh[electronic resource] /cJames M. Garrett. aAldershot, Hants ;aBurlington, VT :bAshgate,c2008. aix, 214 p.1 aNineteenth century series aIncludes bibliographical references (p. 199-210) and index. aElectronic reproduction.bPalo Alto, Calif. :cebrary,d2013.nAvailable via World Wide Web.nAccess may be limited to ebrary affiliated libraries.10aWordsworth, William,d1770-1850xCriticism and interpretation.10aWordsworth, William,d1770-1850xKnowledgexGreat Britain. 0aNational characteristics, British, in literature. 0aNationalism in literature. 0aCensusxPolitical aspectszGreat BritainxHistoryy19th century. 0aMuseumsxPolitical aspectszGreat BritainxHistoryy19th century. 0aCultural propertyxProtectionzGreat BritainxHistoryy19th century. 0aGreat BritainxIn literature. 7aElectronic books.2local2 aebrary, Inc. 0aNineteenth century (Aldershot, England)40uhttp://site.ebrary.com/lib/rucke/Doc?id=10228262zAn electronic book accessible through the World Wide Web; click to view c38534d38534